000 00550nam a2200181Ia 4500
003 GCL
008 140319s9999 xx 000 0 ara d
040 _aGCL /
_cGCL
082 0 4 _a657.48
_bا م
100 1 _aابراهيم السباعى
245 1 0 _aالمحاسبة المالية /
_cابراهيم السباعى
300 _a507 ص
490 _aالهيئة العامة للاستعلامات
_v0
650 0 4 _aالمحاسبة
650 0 4 _aالمحاسبة المالية
650 0 4 _aالمالية العامة
942 _2ddc
_cBK
999 _c48187
_d48187